00637nam a22001817a 4500003000900000005001700009008004100026020002200067040002800089082002100117100002100138245008600159260005900245300001800304490004700322650005000369700003600419DO-SdBJH20180531135529.0180411b ||||| |||| 00| 0 spa d a978-9945-020-57-1 aDO-SdBJHbspacDO-SdBJH aRD 910.021 T464m aThomasset, Henri aMemorias, informes y noticias dominicanas /cH. Tomasset ; Andrés Blanco Díaz aSanto Domingo :bArchivo General de la Nación,c2008 a208 páginas aArchivo General de la Nación ; vVol. 69 4aGeografía física vRepública Dominicana aBlanco Díaz, Andréseeditor